000 00639nam a2200181 a 4500
001 000035500
005 20200930074405.0
008 111102s2000 sp a 000 0 spa d
020 _a8479533668
040 _aDO-SdBNP
_bspa
_cBNPHU
082 _axxxx
_bxxxx
100 1 _aB. Rosenberg, Marshall
_961385
245 1 0 _aComunicación no violenta :
_bel lenguaje de la compasión /
_cMarshall B. Rosenberg ; traducción Roser Berdagué.
260 _aArgentina, :
_bUrano,
_c2000.
300 _a222 p. :
_bil. ;
_c23 cm.
504 _aIncluye referencias bibliográficas y notas al pie de las páginas
700 1 _aBerdagué, Roser,
_etr.
_961386
999 _c34991
_d34991